[Event "Cappelle op 33rd"]
[Site "Cappelle la Grande"]
[Date "2017.02.20"]
[Round "3"]
[White "Fejzovski, Enver"]
[Black "Magnier, Jean Claude"]
[Result "1-0"]
[WhiteElo "2035"]
[BlackElo "1671"]
[PlyCount "59"]
[EventDate "2017.02.18"]
[EventType "swiss"]
[EventRounds "9"]
[EventCountry "FRA"]
[SourceTitle "CBM 177 Extra"]
[Source "ChessBase"]
[SourceDate "2017.04.27"]
[SourceVersion "1"]
[SourceVersionDate "2017.04.27"]
[SourceQuality "1"]

1. Nf3 g6 2. h4 Nf6 3. b3 d5 4. Bb2 Bf5 5. h5 Nbd7 6. Nd4 e5 7. Nxf5 gxf5 8. g3 Rg8 9. e3 Bd6 10. c4 c6 11. cxd5 cxd5 12. Nc3 e4 13. Nb5 Be5 14. Nd4 Ng4 15. Rh3 Qg5 16. f4 exf3 17. Qxf3 Ndf6 18. Bb5+ Kd8 19. 0-0-0 Rc8+ 20. Kb1 Ne4 21. d3 Nef2 22. Qxd5+ Kc7 23. Ne6+ fxe6 24. Bxe5+ Kb6 25. Bd4+ Kc7 26. Qc5+ Kb8 27. Qxa7+ Kc7 28. Rc1+ Kd6 29. Qb6+ Ke7 30. Qxb7+ 1-0

[Event "FRA-ch op-A"]
[Site "Pau"]
[Date "2012.08.18"]
[Round "5"]
[White "Gaubil, Olivier"]
[Black "Fejzovski, Enver"]
[Result "1-0"]
[WhiteElo "2070"]
[BlackElo "2157"]
[PlyCount "81"]
[EventDate "2012.08.14"]
[EventType "swiss"]
[EventRounds "11"]
[EventCountry "FRA"]
[SourceTitle "CBM 150 Extra"]
[Source "ChessBase"]
[SourceDate "2012.10.19"]
[SourceVersion "1"]
[SourceVersionDate "2012.10.19"]
[SourceQuality "1"]

1. d4 Nf6 2. Nf3 c5 3. d5 d6 4. c4 g6 5. Nc3 Bg7 6. e4 0-0 7. Be2 b5 8. cxb5 a6 9. 0-0 axb5 10. Bxb5 Ba6 11. Qe2 Bxb5 12. Nxb5 Nbd7 13. a4 Qb8 14. Ra2 Ne8 15. Bg5 Nef6 16. b3 Rc8 17. Nd2 h6 18. Bf4 Kh7 19. Nc4 Nh5 20. Bc1 Nhf6 21. Bb2 Nb6 22. Bc3 Nxc4 23. bxc4 Ra6 24. e5 Ng8 25. e6 f5 26. Bxg7 Kxg7 27. Rb1 Qa8 28. Qc2 Nf6 29. f3 Ra5 30. Nc3 Kh7 31. Rab2 Ra7 32. Rb6 Re8 33. R1b5 Kg7 34. Qb3 Rc7 35. a5 Qa7 36. a6 Rec8 37. Qa4 Qa8 38. Rb7 Ne8 39. Qa5 Kf8 40. Na4 Rxb7 41. Rxb7 1-0

[Event "FRA-ch op-A"]
[Site "Pau"]
[Date "2012.08.16"]
[Round "3"]
[White "Aflalo, Sophie"]
[Black "Fejzovski, Enver"]
[Result "1/2-1/2"]
[WhiteElo "2046"]
[BlackElo "2157"]
[PlyCount "109"]
[EventDate "2012.08.14"]
[EventType "swiss"]
[EventRounds "11"]
[EventCountry "FRA"]
[SourceTitle "CBM 150 Extra"]
[Source "ChessBase"]
[SourceDate "2012.10.19"]
[SourceVersion "1"]
[SourceVersionDate "2012.10.19"]
[SourceQuality "1"]

1. e4 e6 2. d4 c5 3. Nf3 cxd4 4. Nxd4 a6 5. c4 Nf6 6. Nc3 Qc7 7. Be3 b6 8. Bd3 Bb7 9. a3 h5 10. h3 Nc6 11. Rc1 Bc5 12. Nc2 Ne5 13. b4 Bxe3 14. Nxe3 Nxd3+ 15. Qxd3 Qe5 16. c5 b5 17. 0-0 Bxe4 18. Nxe4 Qxe4 19. Qd6 Qc6 20. Rfd1 Qxd6 21. Rxd6 0-0 22. a4 bxa4 23. Ra1 a5 24. Rxa4 axb4 25. Rxb4 Ra1+ 26. Kh2 Rc8 27. Rc4 Ra2 28. f3 Re2 29. Rc3 Ra8 30. Kg3 Ra4 31. h4 Raa2 32. Kf4 Rad2 33. Rcd3 Rxd3 34. Rxd3 Rb2 35. Ke5 Rb4 36. g3 Kf8 37. Kd6 Rb7 38. Nc4 Ne8+ 39. Ke5 Rb4 40. Rd4 f6+ 41. Ke4 e5 42. Nxe5 Rxd4+ 43. Kxd4 fxe5+ 44. Kxe5 Ke7 45. g4 hxg4 46. fxg4 Kf7 47. h5 Nf6 48. Kf5 Kf8 49. h6 Kf7 50. hxg7 Kxg7 51. Ke5 Ne8 52. c6 dxc6 53. Kd4 Nf6 54. Kc5 Nxg4 55. Kxc6 1/2-1/2

[Event "Basque-chT"]
[Site "Bergara"]
[Date "2012.02.04"]
[Round "4"]
[White "Fejzovski, Enver"]
[Black "Etchegaray, Patrice"]
[Result "0-1"]
[WhiteElo "2174"]
[BlackElo "2405"]
[PlyCount "132"]
[EventDate "2012.01.14"]
[EventType "team"]
[EventRounds "9"]
[EventCountry "ESP"]
[SourceTitle "EXT 2013"]
[Source "ChessBase"]
[SourceDate "2012.11.22"]
[SourceVersion "1"]
[SourceVersionDate "2012.11.22"]
[SourceQuality "1"]
[WhiteTeam "Orvina"]
[BlackTeam "Gros Xake Taldea"]
[WhiteTeamCountry "ESP"]
[BlackTeamCountry "ESP"]

1. Nf3 Nf6 2. c4 g6 3. b3 Bg7 4. Bb2 0-0 5. g3 d6 6. Bg2 e5 7. d3 Nh5 8. Qc1 f5 9. 0-0 c6 10. Nbd2 Re8 11. e4 Na6 12. d4 exd4 13. exf5 Bxf5 14. Bxd4 Nf6 15. a3 Nc5 16. Nh4 Bg4 17. Nhf3 Qd7 18. b4 Na4 19. Nb3 Qf5 20. Qf4 Qxf4 21. gxf4 Nh5 22. Bxg7 Kxg7 23. Na5 Re7 24. Nd4 Nxf4 25. Rfe1 Rae8 26. Re3 Rxe3 27. fxe3 Nxg2 28. Kxg2 Bc8 29. Re1 a6 30. e4 c5 31. Nf3 b6 32. Nb3 Nb2 33. bxc5 dxc5 34. Nbd2 Be6 35. Rb1 Nxc4 36. Nxc4 Bxc4 37. Rxb6 Rxe4 38. Rc6 Re2+ 39. Kg3 Re3 40. Rc7+ Kf6 41. Kf4 Rxa3 42. Rxc5 Be6 43. h4 Ra4+ 44. Ke3 h6 45. Rc6 Ke7 46. Nd4 Bf7 47. Rc7+ Kf6 48. Rc6+ Ke5 49. Nf3+ Kd5 50. Rf6 Be8 51. Rf8 Re4+ 52. Kf2 h5 53. Ng5 Re5 54. Kg3 a5 55. Nh7 Bc6 56. Rd8+ Kc5 57. Ng5 a4 58. Kf4 Re7 59. Rd3 Bd5 60. Nh3 Ra7 61. Ke5 Bc4 62. Rd8 a3 63. Rc8+ Kb4 64. Rb8+ Bb5 65. Nf4 a2 66. Nd5+ Ka5 0-1

[Event "Saint Affrique op 19th"]
[Site "Saint Affrique"]
[Date "2011.07.29"]
[Round "7"]
[White "Ravot, Sylvain"]
[Black "Fejzovski, Enver"]
[Result "1-0"]
[WhiteElo "2267"]
[BlackElo "2156"]
[PlyCount "87"]
[EventDate "2011.07.23"]
[EventType "swiss"]
[EventRounds "9"]
[EventCountry "FRA"]
[SourceTitle "CBM 143 Extra"]
[Source "ChessBase"]
[SourceDate "2011.08.29"]
[SourceVersion "1"]
[SourceVersionDate "2011.08.29"]
[SourceQuality "1"]

1. d4 Nf6 2. c4 d6 3. Nc3 e5 4. Nf3 Nbd7 5. g3 Be7 6. Bg2 c6 7. Qc2 Qc7 8. 0-0 0-0 9. Rd1 Re8 10. h3 Bf8 11. e4 h6 12. Be3 a5 13. dxe5 dxe5 14. Na4 b6 15. Ne1 Qb8 16. Nd3 b5 17. cxb5 cxb5 18. Nac5 Nxc5 19. Nxc5 Bxc5 20. Bxc5 Bb7 21. f3 Nh5 22. Kh2 Ra6 23. Qd2 Rg6 24. Bf2 b4 25. a3 Bc6 26. axb4 axb4 27. Ra5 Nf6 28. Bc5 Nd7 29. Bxb4 Nb6 30. b3 Nc8 31. Bf1 Rf6 32. Qc3 Nb6 33. Bc5 Nd7 34. Ba7 Qb7 35. Bg1 Ra8 36. Rxa8+ Qxa8 37. b4 Ba4 38. Rd2 Nf8 39. b5 Ne6 40. Be2 Nd4 41. Bxd4 exd4 42. Rxd4 Qa7 43. Kg2 Rg6 44. g4 1-0

[Event "Condom op-A 10th"]
[Site "Condom"]
[Date "2011.07.10"]
[Round "2"]
[White "Cioara, Andrei Nestor"]
[Black "Fejzovski, Enver"]
[Result "1-0"]
[WhiteElo "2430"]
[BlackElo "2156"]
[PlyCount "93"]
[EventDate "2011.07.09"]
[EventType "swiss"]
[EventRounds "9"]
[EventCountry "FRA"]
[SourceTitle "CBM 143 Extra"]
[Source "ChessBase"]
[SourceDate "2011.08.29"]
[SourceVersion "1"]
[SourceVersionDate "2011.08.29"]
[SourceQuality "1"]

1. d4 b5 2. e4 Bb7 3. Bd3 e6 4. Nf3 c5 5. c3 cxd4 6. cxd4 Nf6 7. Qe2 a6 8. Bg5 h6 9. Bxf6 gxf6 10. Nbd2 Nc6 11. 0-0 Nb4 12. Bb1 Rc8 13. a3 Nc6 14. Bd3 Qb6 15. Nb3 b4 16. a4 Na5 17. Nfd2 Rg8 18. g3 Nxb3 19. Nxb3 h5 20. Qxh5 Rg5 21. Qe2 f5 22. a5 Qa7 23. Rac1 Rxc1 24. Rxc1 f4 25. Qd2 Rg6 26. Nc5 fxg3 27. hxg3 Bh6 28. Qxb4 Bxc1 29. Nxb7 Bd2 30. Nd6+ Kf8 31. Qb6 Qxb6 32. axb6 Bb4 33. Nc8 Ba5 34. b4 Bxb6 35. Nxb6 Ke8 36. Na4 f5 37. Nc5 fxe4 38. Bxe4 Rg5 39. Kg2 Ke7 40. Nxa6 d5 41. Bd3 Kd6 42. f4 Rg8 43. Kf3 Kc6 44. Nc5 Rb8 45. b5+ Kd6 46. g4 Rf8 47. Ke3 1-0

[Event "Pau op"]
[Site "Pau"]
[Date "2009.02.26"]
[Round "5"]
[White "Fejzovski, Enver"]
[Black "Labarrere, Daniel"]
[Result "1/2-1/2"]
[WhiteElo "2113"]
[BlackElo "1862"]
[PlyCount "72"]
[EventDate "2009.02.24"]
[EventType "swiss"]
[EventRounds "9"]
[EventCountry "FRA"]
[SourceTitle "CBM 129 Extra"]
[Source "ChessBase"]
[SourceDate "2009.05.05"]
[SourceVersion "2"]
[SourceVersionDate "2009.05.20"]
[SourceQuality "1"]

1. e4 d5 2. Nc3 d4 3. Nce2 e5 4. Nf3 Nc6 5. Ng3 Be6 6. Bb5 f6 7. 0-0 Nge7 8. d3 Qd6 9. Ba4 0-0-0 10. Bb3 g6 11. Bxe6+ Qxe6 12. Bd2 h5 13. b4 h4 14. Ne2 g5 15. b5 Nb8 16. Ne1 Ng6 17. a4 Nd7 18. a5 Nf4 19. Nxf4 gxf4 20. Kh1 Nc5 21. h3 Qd7 22. Qg4 Qxg4 23. hxg4 Rg8 24. f3 Ne6 25. Kg1 Bc5 26. Kf2 Rh8 27. Rh1 Rd7 28. Ra4 Ng5 29. Rc4 b6 30. Ke2 Rdh7 31. c3 h3 32. gxh3 Rxh3 33. Rxh3 Rxh3 34. axb6 Rh2+ 35. Kd1 axb6 36. cxd4 Bxd4 1/2-1/2

[Event "Pau op"]
[Site "Pau"]
[Date "2009.02.24"]
[Round "1"]
[White "Fejzovski, Enver"]
[Black "Petit, Georges"]
[Result "1-0"]
[WhiteElo "2113"]
[BlackElo "1570"]
[PlyCount "67"]
[EventDate "2009.02.24"]
[EventType "swiss"]
[EventRounds "9"]
[EventCountry "FRA"]
[SourceTitle "CBM 129 Extra"]
[Source "ChessBase"]
[SourceDate "2009.05.05"]
[SourceVersion "2"]
[SourceVersionDate "2009.05.20"]
[SourceQuality "1"]

1. Nf3 Nf6 2. c4 c5 3. g3 g6 4. b3 d6 5. Bb2 Bg7 6. Bg2 Nc6 7. 0-0 0-0 8. d3 Bd7 9. Nbd2 Qc8 10. Re1 Bh3 11. Bh1 h6 12. a3 Rb8 13. e4 e5 14. Nf1 Ng4 15. Nh4 Bf6 16. Ng2 Bg5 17. f3 Nd4 18. Bxd4 cxd4 19. fxg4 Bxg4 20. Qc2 f5 21. h4 Be7 22. exf5 Bxf5 23. Nd2 g5 24. hxg5 hxg5 25. Rf1 Qe6 26. Nf4 Qh6 27. Nd5 Bd8 28. Ne4 Rc8 29. g4 Bd7 30. Rxf8+ Kxf8 31. Rf1+ Kg7 32. Qf2 Bxg4 33. Qf8+ Kg6 34. Qf7# 1-0

[Event "Condom op"]
[Site "Condom"]
[Date "2008.??.??"]
[Round "8"]
[White "Verduyn, Frederic"]
[Black "Fejzovski, Enver"]
[Result "1-0"]
[WhiteElo "2196"]
[BlackElo "2148"]
[PlyCount "57"]
[EventDate "2008.07.12"]
[EventType "swiss"]
[EventRounds "9"]
[EventCountry "FRA"]
[SourceTitle "EXT 2009"]
[Source "ChessBase"]
[SourceDate "2008.11.26"]
[SourceVersion "1"]
[SourceVersionDate "2008.11.26"]
[SourceQuality "1"]

1. Nf3 Nf6 2. c4 c5 3. Nc3 g6 4. e4 d6 5. d4 cxd4 6. Nxd4 Bg7 7. Be2 0-0 8. 0-0 a6 9. f3 b6 10. Be3 Bb7 11. Rc1 Nbd7 12. Qd2 Re8 13. Rfd1 Rc8 14. Qe1 e6 15. g4 d5 16. g5 Nh5 17. cxd5 exd5 18. f4 Rxc3 19. Rxc3 Rxe4 20. Bxh5 gxh5 21. Nf5 d4 22. Nxg7 Ne5 23. fxe5 Rg4+ 24. Kf1 Qd5 25. Qf2 Qb5+ 26. Ke1 Rg2 27. Rc8+ Bxc8 28. Qxg2 Qxe5 29. Qg3 1-0

[Event "FRA-chT2 South 0607"]
[Site "France"]
[Date "2007.03.31"]
[Round "10.1"]
[White "Fejzovski, Enver"]
[Black "Abello, Sebastien"]
[Result "0-1"]
[WhiteElo "2150"]
[BlackElo "251"]
[PlyCount "70"]
[EventDate "2006.10.15"]
[EventType "team"]
[EventRounds "11"]
[EventCountry "FRA"]
[SourceTitle "EXT 2008"]
[Source "ChessBase"]
[SourceDate "2007.11.25"]
[SourceVersion "1"]
[SourceVersionDate "2007.11.25"]
[SourceQuality "1"]
[WhiteTeam "Pau Henri IV"]
[BlackTeam "Vitrolles"]
[WhiteTeamCountry "FRA"]
[BlackTeamCountry "FRA"]

1. Nf3 c5 2. e3 g6 3. h4 h5 4. c4 Bg7 5. Nc3 d6 6. Qc2 Nc6 7. a3 Nh6 8. b3 e5 9. Bb2 a6 10. Ng5 Bf5 11. Bd3 Rb8 12. Bxf5 Nxf5 13. Qe4 Qd7 14. Nd5 b5 15. Qc2 Nce7 16. Ne4 Nxd5 17. cxd5 Qb7 18. Nc3 Qe7 19. Ne4 Qb7 20. Nc3 0-0 21. g4 hxg4 22. h5 b4 23. axb4 Qxb4 24. hxg6 fxg6 25. Qe4 g3 26. fxg3 Nxg3 27. Qxb4 cxb4 28. Rg1 bxc3 29. Bxc3 Nf5 30. Rxa6 Rxb3 31. Rxg6 Rf6 32. Rxf6 Bxf6 33. e4 Ng3 34. Rxd6 Rb1+ 35. Kf2 Nxe4+ 0-1

[Event "FRA-chT2 South 0607"]
[Site "France"]
[Date "2007.03.31"]
[Round "11.1"]
[White "Fejzovski, Enver"]
[Black "Bujisho, Benjamin"]
[Result "1/2-1/2"]
[WhiteElo "2150"]
[BlackElo "2398"]
[PlyCount "53"]
[EventDate "2006.10.15"]
[EventType "team"]
[EventRounds "11"]
[EventCountry "FRA"]
[SourceTitle "EXT 2008"]
[Source "ChessBase"]
[SourceDate "2007.11.25"]
[SourceVersion "1"]
[SourceVersionDate "2007.11.25"]
[SourceQuality "1"]
[WhiteTeam "Pau Henri IV"]
[BlackTeam "Nice"]
[WhiteTeamCountry "FRA"]
[BlackTeamCountry "FRA"]

1. e4 c5 2. Nf3 d6 3. d3 Nf6 4. Nbd2 g6 5. c3 Bg7 6. Be2 0-0 7. 0-0 Nc6 8. a4 d5 9. exd5 Nxd5 10. Nb3 b6 11. a5 Rb8 12. axb6 axb6 13. d4 cxd4 14. Nbxd4 Nxd4 15. Nxd4 Bb7 16. Ra7 Qc8 17. Bf3 Rd8 18. Qb3 Ra8 19. Rxa8 Qxa8 20. Nb5 Nf6 21. Bxb7 Qxb7 22. Rd1 Rxd1+ 23. Qxd1 h6 24. h3 Kh7 25. Qe2 e6 26. c4 Ne4 27. Be3 1/2-1/2

[Event "FRA-chT2 South 0607"]
[Site "France"]
[Date "2007.03.18"]
[Round "9.5"]
[White "Henneteau, Jeremie"]
[Black "Fejzovski, Enver"]
[Result "1-0"]
[WhiteElo "2129"]
[BlackElo "2150"]
[PlyCount "101"]
[EventDate "2006.10.15"]
[EventType "team"]
[EventRounds "11"]
[EventCountry "FRA"]
[SourceTitle "EXT 2008"]
[Source "ChessBase"]
[SourceDate "2007.11.25"]
[SourceVersion "1"]
[SourceVersionDate "2007.11.25"]
[SourceQuality "1"]
[WhiteTeam "Grasse"]
[BlackTeam "Pau Henri IV"]
[WhiteTeamCountry "FRA"]
[BlackTeamCountry "FRA"]

1. d4 c5 2. d5 e5 3. e4 d6 4. c4 a6 5. Nc3 g6 6. Nf3 h5 7. Be2 Bh6 8. Bxh6 Nxh6 9. h3 f5 10. Qc2 0-0 11. 0-0-0 b5 12. Bd3 bxc4 13. Bxc4 f4 14. Be2 Nd7 15. g3 fxg3 16. fxg3 Rb8 17. Qd2 Nf7 18. g4 h4 19. g5 Rb4 20. Rdg1 Rd4 21. Qe1 Kg7 22. Qxh4 c4 23. Qg3 Nc5 24. Nd2 Nd3+ 25. Bxd3 Rxd3 26. Qf2 Nh8 27. Qe1 Rxc3+ 28. bxc3 Qa5 29. Qe3 Qxa2 30. Kd1 Bd7 31. Ke2 Bb5 32. Rf1 Nf7 33. h4 Qc2 34. Rc1 Qb2 35. Rhf1 Ba4 36. Qf3 Bc2 37. Qf6+ Kh7 38. Rxc2 Qxc2 39. Rf3 Nxg5 40. Qxf8 Nxf3 41. Qxf3 a5 42. h5 gxh5 43. Qxh5+ Kg7 44. Qg5+ Kf7 45. Qf5+ Kg7 46. Qd7+ Kg8 47. Qd8+ Kg7 48. Qxa5 Qd3+ 49. Ke1 Qg3+ 50. Kd1 Qg4+ 51. Kc2 1-0

[Event "FRA-chT2 0405"]
[Site "France"]
[Date "2005.03.12"]
[Round "8.1"]
[White "Fejzovski, Enver"]
[Black "Amigues, Emmanuel"]
[Result "1/2-1/2"]
[WhiteElo "2151"]
[BlackElo "2349"]
[PlyCount "155"]
[EventDate "2004.10.10"]
[EventType "team"]
[EventRounds "11"]
[EventCountry "FRA"]
[SourceTitle "EXT 2006"]
[Source "ChessBase"]
[SourceDate "2005.11.24"]
[SourceVersion "1"]
[SourceVersionDate "2005.11.24"]
[SourceQuality "1"]
[WhiteTeam "Pau Henri"]
[BlackTeam "Marseille EFE"]
[WhiteTeamCountry "FRA"]
[BlackTeamCountry "FRA"]

1. Nf3 b6 2. a4 Bb7 3. e3 e6 4. a5 Na6 5. h4 Ne7 6. b3 Nc6 7. axb6 axb6 8. Bb2 Nc5 9. Rxa8 Qxa8 10. Nc3 Nb4 11. h5 h6 12. Rh4 Ne4 13. d3 Ng5 14. Be2 Be7 15. Rc4 c5 16. Nxg5 hxg5 17. Nb5 Qa5 18. Nc7+ Kd8 19. Bxg7 Rh7 20. c3 Rxg7 21. cxb4 cxb4 22. Bf3 d5 23. Rc1 b5 24. Qc2 Bd6 25. Qb2 Qa3 26. Qxa3 bxa3 27. Nxb5 Bb4+ 28. Kd1 g4 29. Be2 Rg5 30. Kc2 Rxh5 31. Bxg4 Rg5 32. f3 d4 33. Nxd4 Rc5+ 34. Kd1 Rc3 35. Rxc3 Bxc3 36. Nc2 a2 37. e4 Ba6 38. Ke2 e5 39. g3 a1Q 40. Nxa1 Bxa1 41. f4 Bc3 42. Bf5 Ke7 43. fxe5 Bxe5 44. g4 Bd4 45. g5 Bb5 46. g6 f6 47. Kd2 Kf8 48. b4 Kg7 49. Kc2 Ba4+ 50. Kd2 Kh6 51. Ke2 Be8 52. Kf3 Bxg6 53. Bxg6 Kxg6 54. Kg4 Kf7 55. Kf5 Ke7 56. b5 Kd6 57. b6 Kc6 58. Ke6 Be5 59. b7 Kxb7 60. Kd5 Bc3 61. Kc4 Bb2 62. Kd5 Kc7 63. d4 Kd8 64. Kc4 Ke7 65. Kd5 Ba3 66. Kc4 Ke6 67. Kd3 Kf7 68. Kc4 Bb2 69. Kd5 Ba3 70. Kc4 Kg6 71. Kd5 Kf7 72. Kc4 Bc1 73. Kd5 Bb2 74. e5 f5 75. e6+ Kf6 76. e7 Kxe7 77. Ke5 Bxd4+ 78. Kxf5 1/2-1/2

[Event "FRA-chT2 0405"]
[Site "France"]
[Date "2004.11.07"]
[Round "3.3"]
[White "Moingt, Jean Claude"]
[Black "Fejzovski, Enver"]
[Result "1-0"]
[WhiteElo "2292"]
[BlackElo "2151"]
[PlyCount "155"]
[EventDate "2004.10.10"]
[EventType "team"]
[EventRounds "11"]
[EventCountry "FRA"]
[SourceTitle "EXT 2006"]
[Source "ChessBase"]
[SourceDate "2005.11.24"]
[SourceVersion "1"]
[SourceVersionDate "2005.11.24"]
[SourceQuality "1"]

1. e4 a6 2. d4 e6 3. Nf3 c5 4. Nc3 cxd4 5. Nxd4 Qc7 6. Bd3 Nf6 7. Qe2 h5 8. h3 d6 9. Bg5 Be7 10. 0-0 Nc6 11. Nxc6 bxc6 12. Rfe1 e5 13. Rad1 a5 14. a4 Rb8 15. b3 Ng8 16. Bxe7 Nxe7 17. Bc4 Ng6 18. Qd2 Ke7 19. Qg5+ Kf8 20. Qd2 Ke7 21. Qg5+ Kf8 22. Ne2 Rh6 23. Rd3 Qe7 24. Qd2 Nh4 25. Rd1 Rg6 26. Rg3 Rh6 27. Qxa5 f5 28. exf5 Bxf5 29. Bd3 d5 30. Bxf5 Nxf5 31. Rf3 Rf6 32. Ng3 Nxg3 33. Rxg3 e4 34. Qd2 Re8 35. Qg5 Rh6 36. Qxe7+ Rxe7 37. Kf1 Rf6 38. Ke2 Ref7 39. Rf1 d4 40. Rg5 g6 41. Rc5 Rb7 42. Rc4 d3+ 43. cxd3 exd3+ 44. Kxd3 Rxb3+ 45. Kc2 Ra3 46. Kb2 Rd3 47. Rc2 Rf4 48. Ra1 Rb4+ 49. Kc1 Rb6 50. Rc4 Ke7 51. Kc2 Rd5 52. Re1+ Kd6 53. Re8 Rg5 54. g3 Rf5 55. f4 c5 56. g4 hxg4 57. hxg4 Rf7 58. Rd8+ Rd7 59. Rxd7+ Kxd7 60. a5 Rc6 61. Kd3 Kd6 62. Ra4 Kd5 63. a6 c4+ 64. Kc3 Rc8 65. a7 Ra8 66. g5 Kc5 67. Rxc4+ Kb5 68. Rc7 Kb6 69. Rg7 Kc5 70. Rf7 Kd5 71. Kb4 Ke6 72. Rf6+ Kd5 73. Rxg6 Rxa7 74. Rf6 Rc7 75. g6 Rg7 76. f5 Ke5 77. Rf7 Rg8 78. g7 1-0

[Event "Paris Apsap 61mn KO op"]
[Site "Paris"]
[Date "2002.03.03"]
[Round "7"]
[White "Aouizerate, Robert"]
[Black "Fejzovski, Enver"]
[Result "0-1"]
[WhiteElo "1940"]
[BlackElo "2133"]
[PlyCount "61"]
[EventDate "2002.03.15"]
[EventType "swiss"]
[EventRounds "7"]
[EventCountry "FRA"]
[SourceTitle "EXT 2003"]
[Source "ChessBase"]
[SourceDate "2002.11.25"]
[SourceVersion "1"]
[SourceVersionDate "2002.11.25"]
[SourceQuality "1"]

1. d4 c5 2. d5 e5 3. c4 d6 4. Nc3 Nf6 5. e4 Be7 6. h3 Nbd7 7. Nf3 a6 8. Bd3 0-0 9. 0-0 Ne8 10. a3 Nc7 11. b4 b6 12. Rb1 Rb8 13. Re1 Bf6 14. Re2 cxb4 15. axb4 Ra8 16. Ra2 Rb8 17. Rab2 Ne8 18. Be3 g6 19. Qc2 Ng7 20. g4 Be7 21. Kg2 h5 22. g5 h4 23. Qd2 f5 24. gxf6 Nxf6 25. Bg5 Nfh5 26. Bxe7 Qxe7 27. Ne2 Bxh3+ 28. Kxh3 Rxf3+ 29. Kg2 Rbf8 30. Rf1 Qd7 31. Qg5 0-1

[Event "Saint Quentin op 4th"]
[Site "Saint Quentin"]
[Date "2001.04.19"]
[Round "6.12"]
[White "Fejzovski, Enver"]
[Black "Martsynovskaya, Marina"]
[Result "0-1"]
[WhiteElo "2156"]
[BlackElo "2254"]
[PlyCount "94"]
[EventDate "2001.04.15"]
[EventType "swiss"]
[EventRounds "9"]
[EventCountry "FRA"]
[SourceTitle "EXT 2002"]
[Source "ChessBase"]
[SourceDate "2001.11.25"]
[SourceVersion "1"]
[SourceVersionDate "2001.11.25"]
[SourceQuality "1"]

1. e4 e5 2. Bc4 Nf6 3. d4 exd4 4. Nf3 Nc6 5. 0-0 Nxe4 6. Re1 d5 7. Bxd5 Qxd5 8. Nc3 Qa5 9. Nxe4 Be6 10. Neg5 0-0-0 11. Nxe6 fxe6 12. Rxe6 Qf5 13. Qe2 h6 14. Bd2 Qxc2 15. Rc1 Qxb2 16. Rexc6 bxc6 17. Qe6+ Kb8 18. Ne5 Bd6 19. Nxc6+ Ka8 20. Nb4 Qxd2 21. Qd5+ Kb8 22. Qb5+ Kc8 23. Qa6+ Kd7 24. Qc6+ Ke6 25. Qe4+ Be5 26. Qg6+ Ke7 27. Nc6+ Kf8 28. Rf1 Qf4 29. g3 Qf6 30. Qe4 Bd6 31. Nxd8 Qxd8 32. Qxd4 Qe7 33. Qxa7 Kf7 34. h4 Rd8 35. Qb7 Bc5 36. Qf3+ Kg8 37. a4 Rd2 38. Qb3+ Kh7 39. a5 Qe5 40. Kg2 Qe4+ 41. Kh2 Bxf2 42. a6 Be3+ 43. Kh3 Qg2+ 44. Kg4 Qe4+ 45. Kh3 h5 46. Qb1 Rc2 47. Rf3 Qg4# 0-1

[Event "Saint Quentin op 4th"]
[Site "Saint Quentin"]
[Date "2001.04.17"]
[Round "4.26"]
[White "Fejzovski, Enver"]
[Black "Rubino, William"]
[Result "1-0"]
[WhiteElo "2156"]
[BlackElo "1960"]
[PlyCount "81"]
[EventDate "2001.04.15"]
[EventType "swiss"]
[EventRounds "9"]
[EventCountry "FRA"]
[SourceTitle "EXT 2002"]
[Source "ChessBase"]
[SourceDate "2001.11.25"]
[SourceVersion "1"]
[SourceVersionDate "2001.11.25"]
[SourceQuality "1"]

1. e4 c5 2. Nf3 d6 3. c3 Nf6 4. Be2 e6 5. 0-0 Be7 6. d3 0-0 7. Nbd2 Qc7 8. Re1 Nbd7 9. Bf1 Rd8 10. d4 e5 11. d5 a6 12. a4 Rb8 13. a5 b5 14. b3 b4 15. c4 h6 16. h3 Nf8 17. Nh2 Ne8 18. Qh5 Bg5 19. g3 Qe7 20. h4 Bxd2 21. Bxd2 Qf6 22. Qe2 Kh7 23. Bg2 Qe7 24. Nf1 f6 25. h5 g5 26. hxg6+ Nxg6 27. Qh5 Qg7 28. Ne3 Ne7 29. Ra2 Qg6 30. Qh4 Ng7 31. f4 Qf7 32. fxe5 Ng6 33. Qxf6 Qxf6 34. exf6 Nh5 35. Nf5 Bxf5 36. exf5 Ne5 37. Bf4 Nf7 38. Re7 Kg8 39. Re6 Ng5 40. Bxg5 hxg5 41. Bf3 1-0

[Event "Saint Quentin op 4th"]
[Site "Saint Quentin"]
[Date "2001.04.16"]
[Round "3.23"]
[White "Fejzovski, Enver"]
[Black "Barnier, Christophe"]
[Result "1/2-1/2"]
[WhiteElo "2156"]
[BlackElo "1800"]
[PlyCount "21"]
[EventDate "2001.04.15"]
[EventType "swiss"]
[EventRounds "9"]
[EventCountry "FRA"]
[SourceTitle "EXT 2002"]
[Source "ChessBase"]
[SourceDate "2001.11.25"]
[SourceVersion "1"]
[SourceVersionDate "2001.11.25"]
[SourceQuality "1"]

1. a4 a5 2. h4 h5 3. e3 e6 4. b3 b6 5. Bb2 Bb7 6. Nf3 Nf6 7. Rh3 d6 8. Ng5 Nbd7 9. Nc3 Qe7 10. Nb5 0-0-0 11. b4 1/2-1/2

[Event "FRA-chT2S 9899"]
[Site "France"]
[Date "1998.12.06"]
[Round "4"]
[White "Cesbron, Guy"]
[Black "Fejzovski, Enver"]
[Result "1-0"]
[WhiteElo "2110"]
[BlackElo "2170"]
[PlyCount "119"]
[EventDate "1998.??.??"]
[EventType "team"]
[EventRounds "9"]
[EventCountry "FRA"]
[SourceTitle "EXT 2002"]
[Source "ChessBase"]
[SourceDate "2001.11.25"]
[SourceVersion "1"]
[SourceVersionDate "2001.11.25"]
[SourceQuality "1"]

1. e4 c5 2. Nc3 Nc6 3. f4 e6 4. Nf3 d5 5. Bb5 d4 6. Ne2 Qb6 7. Bxc6+ Qxc6 8. d3 Bd6 9. 0-0 Ne7 10. Ng3 h5 11. Nh4 Bd7 12. Ne2 0-0-0 13. Kh1 f5 14. e5 Bc7 15. Nf3 h4 16. h3 Be8 17. Qe1 Bh5 18. Neg1 Nd5 19. Ng5 Rh6 20. b3 Rdh8 21. N1f3 Nb4 22. Qd2 Nd5 23. Qe1 Be8 24. Bd2 Bb6 25. Qe2 Bh5 26. Qf2 Be8 27. Rfc1 Rh5 28. a3 Nc3 29. Qe1 Nd5 30. Qf2 Bd8 31. Re1 Bxg5 32. Nxg5 Nc7 33. b4 b6 34. a4 Qd5 35. bxc5 bxc5 36. Reb1 Rxg5 37. fxg5 Qxe5 38. Bf4 Qd5 39. Re1 Bc6 40. Re5 Qd6 41. c4 Qe7 42. Qe1 Na6 43. Rxe6 Qb7 44. Qe2 Rd8 45. Kh2 Nb4 46. Re7 Bd7 47. Rb1 Qc6 48. Rxg7 Re8 49. Re7 Rxe7 50. Qxe7 Kb7 51. g6 Ka6 52. g7 Be6 53. Bb8 Ka5 54. Qd8+ Kxa4 55. g8Q Bxg8 56. Qxg8 Nxd3 57. Qf7 a5 58. Qxf5 Nb4 59. Qg4 d3 60. Qd1+ 1-0

[Event "Orange op"]
[Site "Orange"]
[Date "1994.??.??"]
[Round "7"]
[White "Gaudineau, Eric"]
[Black "Fejzovski, Enver"]
[Result "1-0"]
[WhiteElo "2190"]
[BlackElo "2030"]
[PlyCount "53"]
[EventDate "1994.??.??"]
[EventType "swiss"]
[EventRounds "9"]
[EventCountry "FRA"]
[SourceTitle "EXT 1999"]
[Source "ChessBase"]
[SourceDate "1998.11.16"]
[SourceVersion "1"]
[SourceVersionDate "1998.11.16"]
[SourceQuality "1"]

1. e4 c5 2. Nc3 e6 3. g3 d5 4. exd5 exd5 5. Bg2 d4 6. Qe2+ Be7 7. Nd5 Nc6 8. d3 Be6 9. Nxe7 Ngxe7 10. Nf3 0-0 11. 0-0 Re8 12. Ng5 Bd5 13. Qh5 h6 14. Ne4 f5 15. Bxh6 Bf7 16. Qg5 Ng6 17. Qxf5 Re5 18. Qh3 gxh6 19. Qxh6 Rf5 20. Bh3 Re5 21. f4 Rxe4 22. dxe4 Qf8 23. Qg5 Qg7 24. Qg4 Kf8 25. e5 Nd8 26. Rae1 c4 27. e6 1-0